Nuevos enfoques para la gobernanza comercial /

Сохранить в:
Библиографические подробности
Главный автор: Halle, Mark
Формат: Текст
Предметы:
Метки: Добавить метку
Нет меток, Требуется 1-ая метка записи!

MARC

LEADER 00000 a a2200000 04500
001 13149
003
040
100 |a Halle, Mark  
245 |a Nuevos enfoques para la gobernanza comercial /  |c Mark Halle 
650 |a ASPECTOS ECONOMICOS  
650 |a COMERCIO INTERNACIONAL  
650 |a GOBIERNO  
650 |a LIBERALIZACION COMERCIAL  
773 |g volumen 9, número 2; páginas 14-15  
999 |c 36952  |d 36952